000 01938nam a2200409 i 4500
001 768714001
003 CO-MdFUSB
005 20260423150815.0
007 ta
008 241009t2001 sp ||||| |||| 001 0 spa d
020 _a950-683-091-6
040 _bspa.
_aCO-MdFUSB
_cCO-MdFUSB
_dCO-MdFUSBC
_erda
041 _aspa
_heng
082 _223
_a248.3
_bH992
100 _a Hybels, Bill
_eautor
240 _aToo busy not to pray.
245 1 _a¡No tengo tiempo para orar! :
_bcómo disfrutar de la presencia de Dios siempre
_c/ Bill Hybels , LaVonne Neff ; traducido por Adriana Powell
250 _aPrimera edición
264 1 _aBuenos Aires :
_bCerteza Unida,
_c[2001]
264 4 _c©2001
300 _a242 páginas
_c; 22 cm
336 _2rdacontent
_atexto
_btxt
337 _2rdamedia
_asin mediación
_bn
338 _2rdacarrier
_avolumen
_bnc
500 _aIncluye índice
505 _tDios nos invita a su presencia:
_aLa presencia de Dios, el poder de Dios. -- Dios está dispuesto. -- Dios es capaz.
_tDios nos invita a hablar con Él:
_aHábitos que edifican y fortalecen. -- Orar como Jesús. -- Una guía para orar. -- La oración que mueve montañas.
_tDios derriba barreras entre nosotros:
_aEl dolor de la oración no respondida. -- Barreras a la oración. -- Cuando nos enfriamos.
_tDios habla a nuestro corazón:
_aEstar quietos para orar. -- La importancia de escuchar. -- Cómo escuchar la voz de Dios. -- Qué hacer con lo que Dios nos dice. -- Vivir en la presencia de Dios. -- Guía para orar en grupo o en forma individual.
563 _aRústica
650 7 _aOración
_986
650 0 _aVida cristiana
_919
653 _aOración — Cristianismo
653 _aVida espiritual — Cristianismo
653 _aEspiritualidad cristiana
700 _aNeff, LaVonne,
_910157
_eautor
700 _aPowell, Adriana‏
_91653
_etraductor
942 _cBK
945 _aCatherine Arias Alvarez
999 _c71073
_d71073